00878nam a2200253 a 450000100060000000300080000600500170001400800410003102000150007203500190008704000320010604100080013808200260014624500840017225000120025626000370026830000340030550400390033965000300037870000310040894200120043999900170045195201560046867239BD-RjUL20211209081629.0870317s1987 paua b 001 0 eng  a0721613977 a(BD-RjUL)67370 aDLCcDLCdDLCdBD-RjULbeng aeng00223a636.089bFUN 198710aFundamental techniques in veterinary surgery /cCharles D. Knecht ... [et al.]. a3rd ed. aPhiladelphia :bSaunders,c1987. axvi, 349 p. :bill. ;c27 cm. aIncludes bibliographies and index. 0aVeterinary Sience91992121 aKnecht, Charles D.9199213 2ddccBK c67239d67239 00102ddc40718NFICaRUCLbRUCLcReadingd2009-03-15eParagon enterprise, Dhakag78.95l0o636.089 FUN 1987r2017-03-23 00:00:00tC-1w2017-03-23yBK